| 000 | 00377nam a2200145Ia 4500 | ||
|---|---|---|---|
| 008 | 230917s9999||||xx |||||||||||||| ||und|| | ||
| 040 |
_e138643 _aMAIN |
||
| 041 | _aEnglish | ||
| 082 | _a615.19 A13A | ||
| 100 | _aFlorey, Klaus, ed. | ||
| 245 | 0 | _aAnalytical profiles of drug substances. V14 | |
| 260 |
_aLondon _bAcademic Press _c1984 |
||
| 300 | _aix, 621 p. | ||
| 942 | _cBK | ||
| 999 |
_c131166 _d131166 |
||